000 00744cac a2200205 a 4500
003 CO-PeBPM
005 20250918100434.0
008 231129s1995||||ck ||||||||||||| ||spa||
040 _aCO-PeBPM
_bspa
_cCO-PeBPM
_erda
041 _aspa
082 0 4 _a012 R934a
_222
100 1 _aRuiz Martínez, Eduardo
_eautor
245 1 0 _aAproximación a una bibliografía de Don Antonio Nariño y Álvarez
_c/ Eduardo Ruíz Martínez
260 _aBogotá, Colombia
_b: Instituto Caro y Cuervo
_c, 1995
300 _a390 páginas
_c23 centímetros
490 _aPublicaciones del Instituto Caro y Cuervo, Serie Bibliográfica
_vXV
500 _aIncluye índice al final del texto
600 1 4 _aNariño Álvarez, Antonio,
_2LEMB
_d1760-1823
942 _2ddc
_cBK
999 _c5490
_d5490